| 000 | 00815cam a2200241 a 4500 | ||
|---|---|---|---|
| 001 | 000007498 | ||
| 003 | DO-SdBNP | ||
| 005 | 20250318151710.0 | ||
| 007 | ta | ||
| 008 | 780309s1944 ag 000 0 spa d | ||
| 040 |
_aDO-SdBNP _bspa _cBNPHU |
||
| 082 | 4 |
_a972.9302 _bM386d _222 |
|
| 100 | 1 |
_aMártir Anglería, Pedro de, _9543 |
|
| 245 | 1 | 0 |
_aDécadas del nuevo mundo / _cPedro Mártir de Anglería |
| 260 |
_aBuenos Aires : _bBajel, _c1944. |
||
| 300 |
_a675 p. ; _c24 cm. |
||
| 490 | 1 | _aFuentes para la historia de América | |
| 504 | _a"Bibliografía de Pedro Martir": p. xxiii-lii. | ||
| 590 | _aInventariado, 2020/VM | ||
| 651 | 4 |
_aAmérica -- _xDescubrimiento y exploración -- _xEspañoles _9544 _vEnsayo, conferencias, etc. |
|
| 830 | 0 |
_aFuentes para la historia de América _920823 |
|
| 942 |
_2ddc _cLBS1 |
||
| 999 |
_c7279 _d7279 |
||